Pays les plus proches de Trinité-et-Tobago - Mort subite - Statistiques

Statistiques générales
  • Ce quiz a été pris 27 fois
  • Le résultat moyen est 8 sur 15
Answers on the Grid
Answers color-coded by a green-red scale on the quiz's grid according to % correct below.
Haïti
République dominicaine
Saint-Kitts-et-Nevis
Antigua-et-Barbuda
Dominique
Sainte-Lucie
Barbade
Saint-Vincent-et-les-Grenadines
Grenade
Colombie
Venezuela
Guyana
Suriname
Brésil
Bahamas
Canada
États-Unis
Mexique
El Salvador
Honduras
Belize
Guatemala
Nicaragua
Costa Rica
Panama
Équateur
Pérou
Bolivie
Paraguay
Uruguay
 
Statistiques - réponses
Réponse % Correct
Antigua-et-Barbuda
70%
Sainte-Lucie
65%
Grenade
60%
Saint-Vincent-et-les-Grenadines
60%
Suriname
60%
Barbade
55%
Dominique
55%
République dominicaine
50%
Saint-Kitts-et-Nevis
50%
Venezuela
50%
Brésil
45%
Colombie
45%
Guyana
45%
Haïti
40%
Bahamas
35%
Aucun quiz correspondant
Distribution des résultats
% des personnes avec chaque résultat
Percentile par nombre de réponses
Votre historique - résultats
Vous n’avez pas pris ce quiz